Chaîne de mots - États-Unis - Statistiques

Statistiques générales
  • Ce quiz a été pris 62 214 fois
  • Le résultat moyen est 15 sur 22
Statistiques - réponses
Indice Réponse % Correct
Langue officielle dans 32 États Anglais
90%
Ses chutes sont situées entre New York et le Canada Niagara
90%
Agence spatiale créée en 1958 NASA
89%
Premier Homme sur la Lune Armstrong
85%
Pont de San Francisco : ______ Gate Golden
83%
Sport de prédilection de Tiger Woods Golf
82%
Ligue majeure de basket-ball NBA
81%
Célébrée le 4ème jeudi de novembre Thanksgiving
77%
Ville où a eu lieu l'assassinat de JFK Dallas
73%
Plus ancienne université américaine Harvard
72%
Oncle emblématique des États-Unis Sam
72%
Plus vaste État Alaska
66%
Fleuve et frontière avec le Mexique : ___ Grande Río
65%
Sa démission est liée au Watergate Nixon
62%
Acteur devenu président en 1980 Reagan
59%
Ville hôte des J.O de 1996 Atlanta
58%
Salt Lake City en est la capitale Utah
54%
Capitale du Texas Austin
49%
Dernière bataille de Davy Crockett : ____ Alamo Fort
48%
Organisation créée à San Francisco ONU
46%
Plus grand lac du pays Supérieur
36%
Navire des "Pères pèlerins" Mayflower
26%
Aucun quiz correspondant
Distribution des résultats
% des personnes avec chaque résultat
Percentile par nombre de réponses
Votre historique - résultats
Vous n’avez pas pris ce quiz